Plant biotechnology Proceeding of lectures
This is a lucture for plant biotechnology of Mr. Yutaka Hirita. The lecture describes the biotechnology in plant improvement from the "Agricultural revolution at 10.000 years ago" to the Japanese biotechnology in 16th - 18th century".
Gardado en:
| Autor Principal: | |
|---|---|
| Formato: | Libro |
| Idioma: | Undetermined |
| Publicado: |
Cần Thơ
CTU/JICA
2001
|
| Những chủ đề: | |
| Các nhãn: |
Engadir etiqueta
Sen Etiquetas, Sexa o primeiro en etiquetar este rexistro!
|
| Thư viện lưu trữ: | Trung tâm Học liệu Trường Đại học Cần Thơ |
|---|
| LEADER | 00744nam a2200193Ia 4500 | ||
|---|---|---|---|
| 001 | CTU_50512 | ||
| 008 | 210402s9999 xx 000 0 und d | ||
| 082 | |a 630.72 | ||
| 082 | |b H668 | ||
| 100 | |a Yutaka, Hirita | ||
| 245 | 0 | |a Plant biotechnology Proceeding of lectures | |
| 245 | 0 | |c Yutaka Hirita | |
| 260 | |a Cần Thơ | ||
| 260 | |b CTU/JICA | ||
| 260 | |c 2001 | ||
| 520 | |a This is a lucture for plant biotechnology of Mr. Yutaka Hirita. The lecture describes the biotechnology in plant improvement from the "Agricultural revolution at 10.000 years ago" to the Japanese biotechnology in 16th - 18th century". | ||
| 650 | |a Plant biotechnology | ||
| 904 | |i Trọng Hiếu | ||
| 980 | |a Trung tâm Học liệu Trường Đại học Cần Thơ | ||